01028nam a22002657a 4500003000800000008004100008020001800049037000800067039003900075040003500114041000800149080001300157100003000170245011800200260005900318300003500377440006000412504002000472650005000492650004800542655001800590942001200608999001700620952012500637BI-BuBU251105b1920 en aaaafr|||| 001 0 eng d a9780632029280 bDon a20251105075526.0bThacien Mutabazi aBI-BuBUbengcBI-BuBUdBI-BuBU0 aeng a615.777.1 4aut.aDenyer, Serial Paul10aMechanisms of action of chemical biocides btheir study and exploitation cSerial Paul Denyer, William Barry Hugo aLondonbOxford blackwell scientific publicationsc1920 aXIV-346 p.bcouv. ill.c24 cm. aSociety for applied bacteriology. Technical series n27 aBibliogr. Index 72BI-BuBUaBiocide chimiquexMechanismexAction 72BI-BuBUaDésinfectantxMechanismexAction 72BI-BuBUaBook 2udccBK c52929d52929 00102udc407-1984762aBCbBCd2025-11-05eDonl0o615.777. DEN.p5010000671839r2025-11-05t1w2025-11-05yBKi241888